Nedostatky vznikajúce pri aplikácii zákona č.222/1992 Zb. o dani z pridanej hodnoty v znení neskorších predpisov v praxi
Dva okruhy nedostatkov vznikajúcich pri aplikácii zákona o DPH, hlavne od 1.1.1993, kedy sa informačný systém daňovníka rozdelil na 1. okruh účtovníctva a 2. daňovníctva. Dva druhy chýb: chyby pri vystavovaní daňových dokladov (príklad) a nesprávne pochopenie jednotlivých ustanovení zákona (vymedzen...
Gespeichert in:
| 1. Verfasser: | |
|---|---|
| Format: | Buchkapitel |
| Sprache: | Slowakisch |
| Schlagworte: | |
| Tags: |
Keine Tags, Fügen Sie das erste Tag hinzu!
|
MARC
| LEADER | 00000naa a2200000 4500 | ||
|---|---|---|---|
| 001 | r024044 | ||
| 005 | 20221213113756.0 | ||
| 041 | 0 | |a slo | |
| 044 | |a SK | ||
| 245 | 1 | 0 | |a Nedostatky vznikajúce pri aplikácii zákona č.222/1992 Zb. o dani z pridanej hodnoty v znení neskorších predpisov v praxi |c Ján Minárský |
| 520 | |a Dva okruhy nedostatkov vznikajúcich pri aplikácii zákona o DPH, hlavne od 1.1.1993, kedy sa informačný systém daňovníka rozdelil na 1. okruh účtovníctva a 2. daňovníctva. Dva druhy chýb: chyby pri vystavovaní daňových dokladov (príklad) a nesprávne pochopenie jednotlivých ustanovení zákona (vymedzenie základných pojmov: zdaniteľné plnenie, jeho miesto, uskutočnenie, zakladanie, oslobodenie od daňovej povinnosti, dovoz tovaru), príklady. | ||
| 610 | 2 | 0 | |a dane z hodnoty pridanej |
| 610 | 2 | 0 | |a zákony |
| 610 | 2 | 0 | |a Slovensko |
| 610 | 2 | 0 | |a 1993 |
| 610 | 2 | 0 | |a metodika |
| 610 | 2 | 0 | |a pojmy |
| 610 | 2 | 0 | |a doklady daňové |
| 610 | 2 | 0 | |a oslobodenie od daní |
| 610 | 2 | 0 | |a daňovníci |
| 100 | 1 | |a Minársky, Ján | |